Statistics for General Knowledge about Cambodia

Click here to take the quiz!

General Stats

  • This quiz has been taken 178 times
    (167 since last reset)
  • The average score is 8 of 18

Answer Stats

HintAnswer% Correct
Most famous templeAngkor Wat
98%
Main RiverMekong
88%
Number of provinces and capital city25
70%
Main religionBuddhism
69%
Khmer New Year is celebrated in (Month)April
66%
Declaration of Independence from France in1953
57%
Number consonants in the Khmer alphabet33
55%
Major cropRice
55%
Currency of CambodiaRiel
51%
When did Cambodia become a member of ASEAN?1999
43%
Famous island in Preah Sihanouk ProvinceKoh Rong
31%
Smallest province by areaKep Province
27%
Phnom Penh is surrounded by (Province)Kandal Province
26%
What kind of place is Phnom Tamao?Zoo
21%
Province with the most freshwater dolphinsKratie Province
19%
Highest mountainAural Mountain
17%
Cambodia’s national animal (Mammal)Kouprey
16%
Province shares border with both Laos and ThailandPreah Vihear Province
15%

Score Distribution

Percentile by Number Answered

Percent of People with Each Score

Your Score History

You have not taken this quiz since the last reset